000 00197nam a2200097Ia 4500
008 190216s9999||||xx |||||||||||||| ||und||
100 _aChopanam
245 4 _aThe Algae
260 _bNull
942 _cBK
999 _c1218
_d1218